Etiqueta de registo: 00254nam 2200025 450
001 2285296
003 http://id.bnportugal.gov.pt/bib/catbnp/2285296
010 ## $a9789897903724
021 ## $aPT$b558802/26
100 ## $a20260427d2026 c y0pory01030103ba
101 0# $apor
102 ## $aPT
105 ## $aa z 000fy
106 ## $ar
200 1# $a O planeta de Clara$fIsabel Laureano$gil. Cláudia Araujo
205 ## $a1ª ed
210 #9 $aCarnaxide$cMeia Longa,$d2026
215 ## $a31, [5] p.$cil.$d21 cm
700 #1 $aLaureano,$bIsabel$31936163
701 #1 $910$aAraujo,$bCláudia$4440$31996993
801 #0 $aPT$bBN$gRPC
966 ## $lBN$mFGMON$x1
971 ## $cisantos$d20260427